00606nam a22001457a 4500003000400000005001700004008004100021040001400062100002200076245020000098260000900298300003200307500009000339504003100429OSt20171010095506.0120808t xxu||||| |||| 00| 0 eng d aMMSUcULS aMina, Shirley B.  aCorrelation of National College Entrance Examination percentile ranks and weighted averages of the Mariano Marcos State University Laboratory High School graduates, 1997 to 1982cShirley B. Mina  c1983 axviii. 100 leaves c28 cm.  aThesis (MA Education) -- Mariano Marcos State University-Graduate School, Laoag City  aBibliography: leaves 79-81